History Quiz

Random History or Clickable Quiz

19th Century Women Match-Up Quiz Stats

Quiz Updated Apr 26, 2016

Challenge
Share
Tweet
Score 0/20 Timer 05:00
0 Plays Today
% Correct
Florence
97.3%
Jane
96.8%
Emily
92.9%
Harriet
92.7%
Mary
90.5%
Susan B.
90.4%
Louisa May
89.9%
Annie
89.5%
Qiu
86.1%
Sojourner
81.7%
% Correct
Clara
78.9%
George
70.9%
Elizabeth Cady
67.9%
Rosalía de
65.1%
Juana Manuela
48.6%
Belle
47.2%
Empress Dowager
47%
Victoria
41.2%
Kate
41.1%
Lola
39.6%

You're not logged in!

Compare scores with friends on all Sporcle quizzes.
Join for Free
OR
Log In

You Might Also Like...

Show Comments

Extras

Top Quizzes Today


Score Distribution

Your Account Isn't Verified!

In order to create a playlist on Sporcle, you need to verify the email address you used during registration. Go to your Sporcle Settings to finish the process.

Report this User

Report this user for behavior that violates our Community Guidelines.

Details: